1682 1192 1338 1175 1171 1556 1491 1006 1392 1455 1225 1041 1628 1514 1440 1575 1272 1131 1097 1488 1856 1488 1555 1421 1437 1056 1770 1489 1874 1396 1546 1436 1739 1427 1874 1104 1960 1076 1087 1461 1374 1186 1615 1542 1677 1803 1909 1040 1805 1483 1383 1407 1180 1857 1981 1792 1836 1499 1653 1940 1980 1553 1980 1535 1061 1462 1606 1787 1353 1054 1963 1690 1824 1248 1230 1807 1930 1097 1954 1693 1651 1459 1024 1043 1890 1713 1943 1650 1591 1243 1086 1030 1410 1925 1762 1378 1772 1670 1083 BCNSPRNW ULIB Ver.6.0+V

เปลี่ยนเป็นภาษาไทย

Change to English
 แสดงรายละเอียดบรรณานุกรม
  กลับหน้าหลัก

Brief Record : Get Marc (ISO 2709) : E-mail record : QR code < ปิดหน้าต่าง
LEADER : 00000nam 2200000uu 4500
001    13399113618
003     ULIB
008    111124s2552||||th 000 0 tha d
020    ^a9786119007178
090    ^aนว.^bก741ต 2552
100 0  ^aกุหลาบเพลิง
245 00 ^aตำนานรักข้ามภพ/^cกุหลาบเพลิง
250    ^aพิมพ์ครั้งที่ 1
260    ^aกรุงเทพฯ :^bภัทร์โญธิน อักษรศาสตร์,^c2552
300    ^a284 หน้า
710 1  ภัทร์โญธิน อักษรศาสตร์
945    ^p249^l0^i15936
995    ^aทศพร
999    ^aใช้งานได้ทุกระบบ
รายการนี้ยังไม่มีแท็ก
คุณยังไม่ได้ล็อกอิน คุณสามารถมีกิจกรรมร่วมกับเว็บไซต์ได้ แต่ต้องล็อกอินก่อน ::
  ล็อกอิน

รายการสื่อสารสนเทศ

ลำดับที่ ประเภท เลขเรียก/บาร์โค้ด สถานที่ สถานะ
1. นวนิยาย
นวนิยาย
นว. ก741ต 2552  
  Barcode: 15936
ห้องสมุดวิทยาเขตสวรรค์ประชารักษ์
►นวนิยาย
บนชั้น
  ขอยืม

BibComment


ยังไม่เคยถูกคอมเมนท์

คอมเมนท์ทรัพยากรรายการนี้
  คอมเมนท์: ตำนานรักข้ามภพ ก..


 Copyright 2026. Bcnsprnw @Library